Wszystkie kategorie wiedzy/wiedza teleturniejowa - Statystyki

Ogólne statystyki
  • Ten quiz został rozwiązany 64 razy
    34 od ostatniego zresetowania
  • Średni wynik to 10 z 20
Statystyki odpowiedzi
Pytanie Odpowiedź % Poprawnych
Ile naturalnych satelitów posiada Ziemia? 1
100%
W którym roku Stany Zjednoczone ogłosiły oficjalnie swoją niepodległość? 1776
100%
W którym roku rozpoczęła się I wojna światowa? 1914
100%
W którym roku skończyła się I wojna światowa? 1918
100%
W którym roku skończyła się II wojna światowa? 1945
100%
W którym roku po II wojnie światowej powstało państwo Izrael? 1948
100%
Jeden cal - ile to milimetrów? 254
100%
Ile złotych medali olimpijskich ma w swoim dorobku szwajcarski skoczek narciarski Simon Ammann? 4
100%
Z ilu ksiąg, można się pomylić o 2, skalda się Pismo Święte? 73
100%
Jak nazywa się australijski zespół rockowy, którego nazwa pochodzi od oznaczeń prądu stałego i zmiennego? AC\DC
100%
Który poeta jest autorem ballady "Romantyczność"? Adam Mickiewicz
100%
Jak w kościele katolickim nazywa się okres poprzedzający Święta Bożego Narodzenia? Obejmuje 4 niedziele Adwent
100%
Jak nazywa się stolica Ghany? Akra
100%
Który polski radioasteonom odkrył (razem z Kanadyjczykiem Dale'em Frailem) pierwsze planety pozasłoneczne? Aleksander Wolszczan
100%
Jak nazywa się dwunastu uczniów Jezusa w Biblii? Apostołowie
100%
Jak nazywa się stolica Turkmenistanu? Aszchabad
100%
Gdzie w 1805 roku miała miejsce bitwa 3 cesarzy? Pod... Austerlitz
100%
Bruce Wayne to prawdziwe imię i nazwisko którego komiksowego superbohatera? Batmana
100%
Kto był pierwszym królem Polski? Bolesław I Chrobry
100%
Jak nazywał się stary, czarny kot, towarzysz Filemona? Bonifacy
100%
Stolicą którego państwa jest Santiago? Chile
100%
Jaki artysta namalował obraz "Impresja. Wschód słońca", od którego pochodzi nazwa kierunku impresjonizm? Claude Monet
100%
Stolicą którego państwa jest Nikozja? Cypru
100%
Fikcyjnym księciem którego państwa był szekspirowski Hamlet? Danii
100%
Jak miała na imię najlepsza przyjaciółka Ani z Zielonego Wzgórza z serii powieści dla dzieci? Diana
100%
Jak nazywa się stolica Tadżykistanu? Duszanbe
100%
Którym miesiącem s islamie jest ramadan? Dziewiątym
100%
Jak nazywał się brat biblijnego Jakuba? Ezaw
100%
Jak na imię miała jedyna córka islamskiego proroka Mahometa? Fatima
100%
Jak nazywa się komiksowy otyły rudy kot, który uwielbia zjadać lasagne? Garfield
100%
Proszę rozwinąć skrót: GUS Główny Urząd Statystyczny
100%
Które miasto było pierwszą historyczną stolicą Polski? Gniezno
100%
Która wyspa jest największa na kuli ziemskiej? Grenlandia
100%
Które państwo ma swoją stolicę w mieście Gwatemala? Gwatemala
100%
Który dowódca miał w celu ataku na Rzym przeprowadzić swoje wojska - w tym bojowe słonie - przez Pireneje? Hannibal
100%
Jaki symbol ma pierwiastek chemiczny jod? I
100%
Kto wynalazł lampę naftową? Ignacy Łukasiewicz
100%
Na którym oceanie leży wyspiarskie państwo Seszele? Indyjskim
100%
Tony Stark to prawdziwe imię i nazwisko którego komiksowego superbohatera? IronMana
100%
Stolicą którego państwa jest Reykjavik? Islandii
100%
Ilu papieży pochodziło do tej pory z Polski? Jeden
100%
Czyj wizerunek widnieje na banknocie jednośladowym (USA)? Jerzego Waszyngtona
100%
Wizerunek którego zamordowanego prezydenta USA widnieje na monecie o nominale 50 centów? John F. Kennedy
100%
Który polski malarz-kapista, major wojska polskiego miał za zadanie odszukać "zaginionych" (jak się potem okazało zamordowanych przez Sowietów w Katyniu) oficerów w czasie II wojny światowej? Józef Czapski
100%
O kimś, kto zniknął bez śladu mówimy, że przepadł jak... Kamień w wodę
100%
W 216 roku miała miejsce jedna z najważniejszych bitew starożytności pomiędzy wojskami Rzymu i Kartaginy. Do historii przeszła jako bitwa pod...? Kannami
100%
Jak nazywa się święta księga islamu? Koran
100%
Stolicą którego państwa jest Pjongjang? Korei Północnej
100%
Jakie zwierzę widnieje w herbie Tatrzańskiego Parku Narodowego? Kozica
100%
Który pierwiastek chemiczny ma symbol Si? Krzem
100%
Stolicą którego państwa jest Trypolis? Libii
100%
Jak nazywa się miejscowość z najwyższym kościołem w Polsce? Jest to ...Stary Licheń Stary
100%
Jak nazywa się stolica Peru? Lima
100%
Jak nazywała się bomba atomowa upuszczona na Hiroszimę? Little boy
100%
Który aktor wcielił się w rolę Luke'a Skywalkera w "Gwiezdnych Wojnach"? (Jest również znany z podkładania głosu postaci Jokera) Mark Hamil
100%
Jak miała ukochana Janosika z serialu? Maryna
100%
Jak nazywa się oficjalny hymn Polski? Mazurek Dąbrowskiego
100%
Układ okresowy pierwiastków chemicznych to inaczej tablica... Mendelejewa
100%
Jako symbol ma pierwiastek chemiczny magnez? Mg
100%
Stolicą którego państwa jest Kiszyniów? Mołdawii
100%
Mitologia grecka: jak nazywamy 9 córek Zeusa i Mnemozyne? Muzy
100%
Który szczyt jest najwyższy w paśmie Ural? Narodnaja
100%
Ataku na które państwo dotyczyła niemiecka operacja Lew Morski (Seelöwe")? Na Wielką Brytanię
100%
Jak nazywa się niedziela bezpośrednio przez Wielkanocą w kościele katolickim? Niedziela Palmowa
100%
Stolicą którego państwa jest Oslo? Norwegii
100%
Stolicą którego amerykańskiego stanu jest miasto Albany? Nowy jork
100%
Jaki symbol ma pierwiastek chemiczny tlen? O
100%
Od którego roku obowiązuje w Polsce obecny podział na 16 województw? Od 1999 roku
100%
Który pierwiastek chemiczny ma symbol Pb? Ołów
100%
Jak na drugie imię miał pan Zagloga z Trylogii Sienkiewicza? Onufry
100%
Jak nazywa się stolica Kanady? Ottawa
100%
"Wyspa otoczona lądem" - kóry południowoamerykański kraj określa się czasem w ten sposób? Paragwaj
100%
W jakiej dyscyplinie startowali Władysław Komar i Tomasz Majewski? Pchnięcie kulą
100%
Jak nazywa się stolica Chin? Pekin
100%
Która brazylijska legenda piłkarska ma na swoim koncie najwięcej (3) tryumfy na mistrzostwach świata? Pele
100%
Stolicą którego państwa jest Lizbona? Portugalii
100%
Który piłkarz ma na swoim koncie najwięcej występów w historii reprezentacji Polski? Robert Lewandowski
100%
Koszulkę w którym kolorze tradycyjnie zakłada lider wyścigu kolarskiego Giro'd Italia? Różową
100%
Jak nazywa się najwyższy szczyt polskich Tatr? Rysy
100%
Biblia: jak nazywała się żona Abrahama, która w podeszłym wieku urodziła mu syna? Sara
100%
Kto wcielił się w rolę Henrego Jonesa Seniora w trzeciej części przygód Indiany Jonesa? Sean Connery
100%
Które polskie województwo sąsiaduje równocześnie z Czechami i Słowacją? Śląskie
100%
Który ssak jest największym zwierzęciem lądowym? Słoń Afrykański
100%
Które polskie jezioro jest największe? Śniardwy
100%
Komu przypisuje się autorstwo tych słów: "Wiem, że nic nie wiem." Sokratesowi
100%
Jak nazywa się dzień rozpoczynający w kościele wielki post? Środa popielcowa
100%
Jak nazywał się ukamienowany młodzieniec, według Biblii pierwszy męczennik? Szczepan
100%
Stolicą którego państwa jest Sztokholm? Szwecji
100%
Czy harfa - instrument muzyczny - ma pedały? Tak
100%
Do którego państwa należy wyspa Zanzibar? Tanzanii
100%
Ile czarownic występuje w dramacie Szekspira "Makbet"? Trzy
100%
Jak nazywa się najwyższy szczyt Gorców? Turbacz
100%
Jaką rocznicę (którą i czego) świętował polski kościół w 1966 roku, a w czym próbowały przeszkodzić ówczesne władze? ...lecie ... ... Tysiąclecie chrztu Polski
100%
Jaki uniwersytet ma siedzibę w Cambridge w USA? Uniwersytet Harvarda
100%
Który biegacz posiada w swoim dorobku rekordy świata w biegu na 100 i 200 metrów? Usain Bolt
100%
Pod postacią jakiego zwierzęcia Szatan nakłonił Ewę do grzechu wg Biblii? Węża
100%
W którym europejskim mieście od połowy XIII wieku odbywa się jarmark świętego Dominika? W Gdańsku
100%
Który polski artysta namalował obraz "Szał uniesień"? Władysław Podkowiński
100%
Stolicą którego państwa jest Rzym? Włoch
100%
Która europejska rzeka jest najdłuższa? Wołga
100%
Przeciwko której śmiertelnej chorobie szczepionkę wynalazł Ludwik Pasteur? Wściekliźnie
100%
Ile państw Beneluksu dołączyło do tej pory do NATO? Wszystkie trzy
100%
W którym wieku wynaleziono silnik parowy? XVIII
100%
Skąd pochodzi Maćko i Zbyszko z powieści "Krzyżacy" Henryka Sienkiewicza? Z Bogdańca
100%
Który pierwiastek chemiczny ma symbol Fe? Żelazo
100%
Jakie warzywo jest nieodłącznym składnikiem kopytek? Ziemniak
100%
Z czego produkuje się cydr? Z jabłek
100%
Z którego państwa pochodzi Usain Bolt, nazywany najszybszym człowiekiem na świecie? Z Jamajki
100%
Z którego państwa pochodzi emerytowany papież Benedykt XVI? Z Niemiec
100%
Czyj wizerunek widnieje na banknocie o nominale 200 złotych? Zygmunta Starego
100%
Który rok widnieje w tytule klasycznej książki George'a Orwella opowiadającej o totalitarnym państwie? 1984
67%
Ilu synów Adama i Ewy Biblia wymienia z imienia? 3 (Kain, Abel i Set)
67%
Biblia: który archanioł mial przynieść matce Jezusa wiadomość o jej niepokalanym poczęciu? Gabriel
67%
Jak nazywała się góra, na której ukrzyżowano Jezusa? Golgota
67%
Który aktor, znany również z "Pulp fiction" Quentina Tarantino zagrał główną rolę w musicalu "Grease"? John Travolta
67%
Jak nazywa się stolica amerykańskiego stanu Tennessee zwana także stolicą country? Nashville
67%
Kto był ostatnim królem Polski? Stanisław August Poniatowski
67%
Czy na Antarktydzie znajdują się jeziora? Tak
67%
W którym roku odbył się pierwszy w USA festiwal Woodstock? 1969
50%
Ile w przybliżeniu do pełnych tysięcy kilometrów wynosi obwód Ziemi wokół Równika? 40 tysięcy km
50%
Jak nazywa się ostatnia księga Nowego Testamentu? Apokalipsa/ Objawienie wg Świętego Jana
50%
Jak nazywał się hobbit, główny bohater książki Tolkiena "Hobbit, czyli tam i z powrotem"? Bilbo Baggins
50%
Który z rycerzy Okrągłego Stołu miał ostatecznie zdobyć Świętego Graala? Galahad, syn Lancelota
50%
Biblia: jak nazywał się obiecany przez Boga syn Abrahama? Izaak
50%
Jak nazywał się gdański astronom, pierwszy zagraniczny członek brytyjskiego Royal Society? Jan Heweliusz
50%
Kto jako pierwszy kosmonauta okrążył Ziemię w statku Wostok I? Jurij Gagarin
50%
Czyj wizerunek widnieje na banknocie o nominale 50 złotych? Kazimierza Wielkiego
50%
Kto dowodził wojskami Spartan w bitwie pod Termopilami? Leonidas
50%
Na której portugalskiej wyspie urodził się piłkarz Cristiano Ronaldo? Na Maderze
50%
Którego kraju dotyczyła europejską polityka Appeasementu? Niemiec
50%
Jak w malarstwie nazywa się obraz przedstawiający scenę nocną? Nokturn
50%
Uzyskał ponad 50 patentów, wynalazł kamizelkę kuloodporną, nazywany "polskim Edisonem" - o kim mowa? O Janie Sczepaniku
50%
Mamy rok 2024. Którego dnia kwietnia wypadł w tym roku prima aprlilis? Pierwszego
50%
Jak na imię miał gajowy Hogwartu w serii książek o Harrym Potterze? Rubeus, Rubeus Hagrid
50%
Proszę rozwinąć skrót: SOK Straż Ochrony Kolei
50%
Ile nóg ma mucha domowa? Sześć
50%
Na jakim kontynencie toczyła się w XIX stuleciu wojna o saletrę? W Ameryce Południowej
50%
W Którym województwie znajdują się Kościoły Pokoju wpisane na listę światowego dziedzictwa UNESCO? W Dolnośląskim
50%
Jak nazywa się stolica Nowej Zelandii? Wellington
50%
Koszulkę w którym kolorze tradycyjnie zakłada lider wyścigu kolarskiego Tour de France? Żółtą
50%
Z jakich budowli słynie dolina Loary? Z zamków
50%
Na stokach której góry bierze swoje źródła ma najdłuższa rzeka w Polsce - Wisła? Baraniej Góry
33%
Co inaczej nazywany jantarem? Bursztyn
33%
Jak nazywała się bomba atomowa upuszczona na japońskie miasto Nagasaki? Fat Man
33%
Gdzie Jezus, według Biblii, miał dokonać pierwszego cudu? Było to na weselu w... Kanie Galilejskiej
33%
Jak potocznie mówi się na szkło ołowiowe? Kryształ
33%
Jak nazywa się najmniejsza małpa świata? Pigmejka
33%
Przeciwko komu swoje słynne filipiki kierował mówca ateński Demostenes? Przeciw Filipowi II Macedońskiemu
33%
W jakim mieście urodził się Wolfgang Amadeusz Mozart? Salzburg
33%
Jak nazywa się dziś botaniki zajmujący się trawami, trawoznawstwo? Graminologia
25%
Ilu naturalnych satelitów posiada planeta Merkury? 0
0%
Ile kilometrów (w zaokrągleniu do całości) ma najkrótsza lądowa granicą międzypaństwowa? (Między Zambią i Botswaną) 0km (155m)
0%
W którym roku miała miejsce tzw. wielka schizma wschodnia? Pierwszy z 2 najpoważniejszych rozłamów w kościele chrześcijańskim 1054
0%
W którym roku miała miejsce bitwa pod Hastings? 1066
0%
W którym roku Turcy zdobyli Konstantynopol? Rok ten czasami uznaje się za koniec średniowiecza 1453
0%
W którym roku Krzysztof Kolumb dotarł do Ameryki? 1492
0%
Ilu, wg legendy, miało być rycerzy Okrągłego Stołu? 150
0%
W którym roku rozpoczęła się Wielka Rewolucja Francuska? 1789
0%
W którym roku wybuchła II wojna światowa? 1939
0%
W którym roku Indie i Pakistan ogłosiły niepodległość? 1947
0%
Który rok nazywa się w historii "rokiem Afryki"? W tym roku najwięcej państw afrykańskich uzyskało niepodległość 1960
0%
Ile dni trwa katolicki Wielki Post? 40
0%
W którym roku przed naszą erą miała miejsce bitwa pod Termopilami, w której udział wzięło 300 mężnych Spartan? 480
0%
W którym roku miała miejsce bitwa pod Maratonem, której pośrednio zawdzięcza swoją nazwę bieg maratoński? 490
0%
Który rok w islamie wyznacza początek nowej ery? Jest on związany z ucieczką Mahometa z Mekki 622
0%
W którym roku przed naszą erą założono Rzym? 753
0%
W którym roku przed naszą erą odbyły się pierwsze starożytne igrzyska olimpijskie? 776
0%
W którym "okrągłym" roku Karol Wielki został koronowany na cesarza Franków? 800
0%
Jak nazywa się stolica Nigerii? Abudża
0%
Kto sformułował słynne równanie E=mc²m Albert Einstein
0%
Kto stworzył dystopię "Nowy wspaniały świat"? Aldous Houxley
0%
Jak nazywała się wieś na terenie imperium rosyjskiego, miejsce akcji musicalu "Skrzypek na dachu"? Anatewka
0%
Kto stworzył muzykę do musicali "Koty", "Upiór w operze", czy "Evita"? Andrew Lloyd Webber
0%
Jak nazywał się człowiek, członek drużyny pierścienia z książki "Władca pierścieni" Tolkiena, który zasiadł na tronie Gondoru w trzeciej części sagi? Aragorn
0%
Jak na imię miał legendarny król na zamku Camelot? Artur
0%
Jak nazywał się lew, prawowity król Narnii z książek C.S.Lewisa? Aslan
0%
Jak nazywa się ozdobną kolumnę w kształcie dźwigającego mężczyzny? Atlas
0%
Nad jakim morzem leży Estonia? Bałtyckim
0%
Zburzenie którego paryskiego więzienia uznaje się za początek Wielkiej Rewolucji Francuskiej? Bastylii
0%
Czyj wizerunek widnieje na banknocie studolarowym (USA)? Benjamina Franklina
0%
W jakiej wiosce według Biblii urodził się Jezus? Betlejem
0%
Stolicą którego państwa jest Mińsk? Białorusi
0%
Którą bitwę ocenia się jako decydującą dla przejęcia władzy w całej Grecji przez Filipa II Macedońskiego? Bitwa pod Cheroneą
0%
Jak nazywa się stolica Kolumbii? Bogota
0%
Czyj wizerunek widnieje na banknocie o nominale 20 złotych? Bolesława Chrobrego
0%
Które miasto jest stolicą Brazylii? Brasilia
0%
Stolicą którego państwa jest Sofia? Bułgarii
0%
Jak nazywał się pies komiksowego bohatera Lucky Luke'a? Bzik
0%
Jak nazywał się zamek, w którym mieszkal król Artur? Camelot
0%
Jak nazywa się stolica Australii? Canberra
0%
Jaki artysta namalował obraz "Wędrowiec nad morzem mgły"? Caspar David Friedrich
0%
Kto wcielił się w rolę Adasia Miauczyńskiego w filmie "Nic Śmiesznego"? Cezary Pazura
0%
Jak na imię miała pierwsza żona islamskiego proroka Mahometa? Chadżidża
0%
Jak nazywał się pierwszy prezydent Izraela? Chaim Weizmann
0%
Człowieku, nie irytuj się - pod jaką nazwą obecnie najczęściej spotykamy się z tą grą? Chińczyk
0%
Jakim herbem tytułował się Stanisław August Poniatowski? Ciolek
0%
Jaki symbol ma pierwiastek chemiczny Chlor? Cl
0%
Kto wg Biblii znalazł na Nilu koszyk z chłopcem, któremu nadał imię Mojżesz? Córka faraona
0%
Humidor - to pojemnik na co? Cygara
0%
Temudżyn - pod jakim innym imieniem znany jest ten średniowieczny wódz-zdobywca? Cżyngis Chan
0%
Proszę podać nazwę przynajmniej jednej z dwóch głównych odnóg delty Nilu. Damietta i Rosetta
0%
Jak miała na imię ukochana Zbyszka, córka Juranda z powieści "Krzyżacy" Henryka Sienkiewicza? Danusia
0%
Jak nazywał się władca perski, którego armie zwyciężył Aleksander Wielki w bitwach pod Issos i Gaugamelą? Dariusz III
0%
Jak nazywał się pierwsza premier Izraela? David Ben Gurion
0%
Który grecki filozof miał mieszkać w Beczce, a od Aleksandra Wielkiego chciał tylko tyle, żeby nie zasłaniał mu słońca? Diogenes z Synopy
0%
W jakiej dyscyplinie polscy sportowcy zdobyli pierwszy medal olimpijski? W kolarstwie torowym
0%
Do jakiego miasta Mahomet uciekł z Mekki? Jest to obecnie drugie najważniejsze miasto w islamie. Do Medyny
0%
Do jakiej dynastii należał władca Franków Chlodwig I? Do Merowingów
0%
Do jakiej rodziny ssaków należy wargacz? Do niedźwiedziowatych
0%
Co według Biblii przyśniło się Jakubowi? (W Krzyżakach pewien handlarz relikwiami sprzedawał tego część) Drabina
0%
Ile guzików tradycyjnie znajduje się na galowym mundurze polskiego górnika? Dwadzieścia Dziewięć - tyle lat miała żyć św. Barbara, patronka górników
0%
Który Nowozelandczyk jako pierwszy zdobył szczyt Mount Everest? Edmund Hillary
0%
Pierwsza szczepionka była testowana na dzieciach zajmujących się krowami, pomogło w walce z ospą. Kto ją wynalazł? Edward Jenner
0%
Proszę rozwinąć skrót: eWUŚ związany z systemem opieki zdrowotnej Elektroniczna Weryfikacja Uprawnień Świadczeniobiorców
0%
Który aktor zagrał hobbita Froda w ekranizacji trylogii Tolkiena "Władca pierścieni"? Elijah Wood
0%
Jak naprawdę nazywał się pisarz lepiej znany jako George Orwell? Eric Arthur Blair
0%
Jak nazywał się polski inżynier znany jako twórca kolei transansyjskiej w Peru? Ernest Malinowski
0%
Jaki artysta namalował obraz "Wolność wiodąca lud na barykady"? Eugène Delacroix
0%
Jak nazywała się miecz legendarnego króla Artura? Excalibur
0%
Jak nazywają się naturalne satelity Marsa? Fobos i Deimos
0%
Jak na imię miał czarodziej, przyjaciel hobbitów z książek Tolkiena? Gandalf
0%
Który szczyt tatrzański jest najwyższy? Gerlach
0%
Jak nazywał się krasnolud, członek drużyny pierścienia z książki "Władca pierścieni" Tolkiena? Gimli
0%
Proszę rozwinąć skrót: GIS Główny Inspektorat Sanitarny
0%
Jak, od nazwiska wielkiego odkrywcy, nazywa się najwyższą góra w Nowej Zelandii? Góra Cooka
0%
Nauką zajmującą się czym jest mikologia? Grzybami
0%
Biblia: jak nazywała się niewolnica, z którą Abraham miał syna Izmaela? Hagar
0%
Kto zdobył dla Polski pierwszy złoty medal olimpijski? Halina Konopacka
0%
Który serialowy as wywiadu nosił pseudonim J-23? Hans Kloss
0%
W której bitwie Wilhelm Zdobywca zwyciężył Anglików w wyniku czemu objął rządy nad ich krajem? W bitwie pod... Hastings
0%
Jak na imię miała piękna żona króla Sparty Menelaosa, którą porwał Parys, czym doprowadził do wybuchu wojny trojańskiej? Helena
0%
Jak nazywał się założyciel Ruchu Czerwonego Krzyża, pierwszy laureat pokojowej Nagrody Nobla? Henri Dunant
0%
Który polski artysta namalował obraz "Pochodnie Nerona"? Henryk Siemiradzki
0%
"Doktor Livingstone, jak mniemam?" - który walijski badacz Afryki miał wypowiedzieć te słowa? Jako pierwszy opieka góry Ruwenzori Henry Morton Stanley
0%
Jak w islamie nazywają się 72 dziewice czekające na zbawionych w raju? Hurysy
0%
Ten geolog i inżynier górnictwa przyjaźnił się z Mickiewiczem, był pierwowzorem jednej z postaci z Dziadów, jest nazywany "ojcem chilijskiego górnictwa". O kim mowa? Ignacy Domeyko
0%
Kto sformułował 3 zasady dynamiki, które stały się podstawą nowożytnej fizyki? Isaac Newton
0%
Jak nazywał się jeden z pierwszych powołanych apostołów, brat Jana? Jakub
0%
Jaka głowna rzeka przepływa przez stolicę Indii? Jamuna
0%
Czyj wizerunek widnieje na banknocie o nominale 500 złotych? Jana III Sobieskiego
0%
Jakim herbem tytułował się król Jan iii Sobieski? Janina
0%
Jaki artysta namalował obraz "Bitwa pod Grunwaldem"? Jan Matejko
0%
Jak nazywał się legendarny polski biegacz długodystansowyz mistrz olimpijski z Los Angeles, zamordowany przez Niemców na początku II wojny światowej? Janusz Kusociński
0%
Jak nazywał się legendarny polski oszczepnik, który na igrzyskach olimpijskich w 1956 roku oddał swój oszczep rywalowi, który dzięki temu mógł pokonać Polaka? Janusz Sidło
0%
Która jaskinia jest najdłuższa w Tatrach? Jaskinia Wielka Śnieżna
0%
Ile kobiet w historii otrzymało matematyczną Nagrodę Abela? Jedna - Karen Uhlenbeck
0%
Jak nazywa się rysownik, twórca postaci Garfielda? Jim Davis
0%
Jak nazywał się twórca Muppetów? Jim Hanson
0%
Który amerykański pisarz jest autorem powieści takich jak "Raport Pelikana", "Firma", "Klient"? John Grisham
0%
Jak nazywał się morderca Abrahama Lincolna? John Wilkes Booth
0%
Aktorka Liza Minnelli była córką innej słynnej aktorki z Hollywood. Której? Judy Garland
0%
Jak miał na imię rycerz ze Spychowa, oślepiony przez tytułowych krzyżaków z powieści Sienkiewicza? Jurand
0%
Jak nazywa się ozdobną kolumnę w kształcie dźwigającej ciężar kobiety? Kariatyda
0%
Który austriacki badacz odkrył grupy krwi i czynnik Rh? Karl Landstainer
0%
HMS "Beagle" - który brytyjski naukowiec odbył na tym statku podróż, która pomogła mu w opracowaniu jednej z najważniejszych teorii naukowych w dziejach? Karol Darwin
0%
Kto miał powiedzieć: "Cogito ergo sum" (Myślę, więc jestem)? Kartezjusz
0%
Który artysta namalował abstrakcyjny obraz "Czarny kwadrat na białym tle"? Kazimierz Malewicz
0%
Jak nazywała się żona dowódcy Greków spod Troi, króla Myken Agamemnona, która go zamordowała? Klitajmestra
0%
Liść którego drzewa znajduje się na fladze Kanady? Klonu
0%
Na to miasto miała pierwotnie zostać spuszczoną bomba atomowa, którą ostatecznie zaatakowano Nagasaki Kokura
0%
W jakiej dyscyplinie sukcesy odnosiła Mają Włoszczowska? Kolarstwo górskie
0%
Proszę rozwinąć skrót: KNF Komisja Nadzoru Finansowego
0%
Jak nazywa się umowa zawierana między państwem, a Stolicą Apostolską? W Polsce obowiązuje ta zawarta w 1993 roku. Konkordat
0%
Trybuszon to dawna nazwa jakiego kuchennego przyrządu? Korkociągu
0%
Jak miała na imię znana ze swojego trudnego charakteru żona Sokretesa? Ksantypa
0%
Jak nazywało się insygnium władzy w starożytnym Rzymie, krzesło bez oparcia z nożycowatymi nogami? Krzesło... Kurulne
0%
Jak nazywał się półlegendarny chiński filozof, twórca taozimu? Laozi
0%
Jak nazywał się elf, członek drużyny pierścienia z książki Tolkiena, mistrz posługiwania się łukiem? Legolas
0%
Jaki artysta namalował obraz "Mona Lisa"? Leonardo da Vinci
0%
Prezydentem którego afrykańskiego kraju został były znakomity piłkarz i zdobywca Złotej Piłki George Weah? Liberii
0%
Jaka głowna rzeka przepływa przez Dublin, stolicę Irlandii? Liffey
0%
Jakie drzewo zostało tytułowym "bohaterem" jednej z najbardziej znanych polskich fraszek? Lipa
0%
Gdzie w 1813 roku miała miejsce wielka bitwa narodów? Pod... Lipskiem
0%
"Klaszczcie przyjaciele, komedia skończona" - który wielki europejski kompozytor miał pożegnać się ze światem tymi słowami, tradycyjnie kończącymi komedie rzymskie? Ludwig van Beethoven
0%
Ten polski uczony wyjaśnił sposób dziedziczenia grup krwi, a także "rozwiązał" konflikt serologiczny. O kim mowa? Ludwik Hirszfeld
0%
Jakiej broni używa się w Kyūdō? Łuku
0%
Kościoły i religie: pieczęć proroków. Kogo nazywa się tak w islamie? Mahometa
0%
Jak nazywa się stolica Nikaragui? Managua
0%
Który pierwiastek chemiczny ma symbol Mn? Mangan
0%
Kto wcielił się w rolę Adasia Miauczyńskiego w filmie "Dzień Świra"? Marek Kondrat
0%
Pod jaką nazwą znamy obecnie wyspy, które Magellan nazwał "złodziejskimi"? (Podpowiedź: pochodzi od imienia królowej Hiszpanii) Mariany
0%
Granicę między którymi wschodnioeuropejskimi państwami pomaga wyznaczyć rzeka Prut? Między Rumunią i Mołdawią
0%
Czyj wizerunek widnieje na banknocie o nominale 10 złotych? Mieszka I
0%
Które morza łączy bezpośrednio cieśnina Bosfor? Morze Czarne i Morze Marmara
0%
Jaka główna rzeka przepływa przez stolicę Rosji? Moskwa
0%
Lepidopterologia - czym zajmuje się ten dział biologii? Motylami
0%
Świątynia Sybilli w Puławach jest pierwszym polskim obiektem tego typu. Czym jest? Muzeum
0%
Proszę rozwinąć skrót: NBP Narodowy Bank Polski
0%
Na jakie drzewo wg Biblii wspiął się celnik Zacheusz, żeby w tłumie móc dostrzec Jezusa? Na sykomorę
0%
Powiedzenia: na kim czapka gore? Na złodzieju
0%
Która brazylijska gwiazda piłkarska ma w swoim dorobku najwięcej strzelonych bramek dla reprezentacji narodowej? Neymar Jr
0%
Język polski: czym różni się przypowieść od paraboli? Niczym
0%
Czyj wizerunek widnieje na banknocie o nominale 1000 złotych? Nie ma takiego banknotu
0%
Chiropterologia - czym zajmuje się ten dział biologii? Nietoperzami
0%
Sem, Cham, Jafet - czyimi byli synami w Starym Testamencie? Noego
0%
Która rzeka, oprócz Wisły, występuje w słowach polskiego hymnu? Odra
0%
Jak nazywa się dzieło opisujące podróże Marco Polo? Opisanie Świata
0%
Jak nazywa się najmniejsze polskie województwo? Opolskie
0%
Który słynny architekt stworzył projekty większości budynków administracyjnych w nowo powstałej stolicy Brazylii - Brasilii? Oscar Niemeyer
0%
Eradykacja to całkowite zwalczenie jakiejś choroby zakaźnej na całym świecie. Do tej pory ludzkość eradykowała dwie choroby - drugi był atakujący bydło księgosusz, a co było pierwsze? Ospa prawdziwa
0%
Kto jest autorem nowotestamentowych listów do Rzymian? Paweł z Tarsu
0%
Jakie imię, według Biblii, Jezus nadal apostołowi Szymonowi, bratowi Andrzeja? Piotr
0%
Imhotep - pierwszy znany z imienia astronom egipski, lekarz i architekt zaprojektował jedną z najbardziej znanych egipskich piramid. Którą? Piramidę Dżesera
0%
Jak nazywa się granie na skrzypcach bez użycia smyczka, samymi palcami? Pizzicato
0%
Które zwierzę jest najcięższe ze wszystkich (poproszę o nazwę gatunku)? Płetwal Błękitny
0%
W jakiej karczmie w drodze do Tyńca zatrzymują się Maćko i Zbyszko na początku powieści "Krzyżacy" Henryka Sienkiewicza? Pod lutym turem
0%
Peosze rozwinąć skrót: PZPR związany z powojenną historia Polski Polska Zjednoczona Partia Robotnicza
0%
Jak nazywała się słynna rosyjska grupa muzyczna z XIX wieku, którą tworzyli m.in. Rimski-Korsakow, Borodin i Musorgski? Potężna gromadka
0%
Jaka głowna rzeka przepływa przez Waszyngton, stolicę Stanów Zjednoczonych? Potomak
0%
Proszę rozwinąć skrót: PESEL Powszechny Elektroniczny System Ewidencji Ludności
0%
Proszę rozwinąć skrót: PZU Powszechny Zakład Ubezpieczeń
0%
Dzielnicą którego europejskiego miasta są Hradczany? Pragi
0%
Jak nazywa się święty miesiąc islamu? Ramadan
0%
Jaka główna rzeka przepływa przez Katowice? Rawa
0%
Jak nazywa się pies, bohater najbardziej chyba znanej polskiej dobranocki? Reksio
0%
Której rewolucji dotyczy obraz "Wolność wiodąca lud na barykady" francuskiego malarza Eugène Delacroix? Rewolucji Lipcowej
0%
Jak nazywa się stolica Arabii Saudyjskiej? Rijad
0%
Który piłkarz ma na swoim koncie najwięcej zdobytych goli w histori reprezentacji Polski? Robert Lewandowski
0%
Jak nazywa się miejscowość w okolicach Poznania, w której rosną słynne dęby: Lech, Czech i Rus? Rogalin
0%
Jak nazywała się kraina doskonałych jeźdźców i koni w mitologii Śródziemia stworzonej przez Tolkiena? Rohan
0%
Przysłowia: lepszy łut szczęścia niż cetnar... Czego? Rozumu
0%
Stolicą którego państwa jest Bukareszt? Rumunii
0%
Kto wcielił się w rolę tytułowego Gladiatora z oscarowego filmu? Russell Crowe
0%
Jakie zwierzę widnieje w herbie Bieszczadzkiego Parku Narodowego? Ryś
0%
Powiedzenia: Proszę dokończyć: kto pod kim dołki kopie, ten... Sam w nie wpada
0%
Jaki artysta namalował obraz "Narodziny Wenus"? Sandro Botticelli
0%
Jak nazywał się wódz rzymski, który zwyciężył Kartaginę i zrównał ją z ziemią? Scypion Afrykański
0%
Kto wcielił się w rolę Jamesa Bonda w filmach "Doktor No" czy "Pozdrowienia z Rosji"? Sean Connery
0%
Jak nazywa się najwyższy szczyt Beskidu Śląskiego? Skrzyczne
0%
Jak nazywa się najwyższy szczyt Republiki Czeskiej? Śnieżka
0%
Jakim herbem tytułowali się królowie Polski z dynastii Wazów? Snopek
0%
Jak nazywał się statek Hana Solo z "Gwiezdnych Wojen"? Sokół Millennium
0%
Jak nazywała się cudowny lek-narkotyk z powieści "Nowy wspaniały świat", dzięki któremu ludzie byli ciągle szczęśliwi? Soma
0%
Peter Parker to prawdziwe imię i nazwisko którego komiksowego superbohatera? Spider-Mana
0%
Jaki mebel występuje obok lwa i czarownicy w pierwszej części sagi o Narnii? Stara szafa
0%
Kto był nazywany prymasem tysiąclecia? Stefan Wyszyński
0%
Jakim herbem tytułował się rycerz Zawisza Czarny? Sulima
0%
Jaka głowna rzeka przepływa przez Tokio? Sumida
0%
Jak nazywają się rozdziały świętej księgi islamu? Sury
0%
Jak nazywa się jeden z 5 filarów islamu, wyznanie wiary. Jego treść jest widoczna m.in. na fladze Arabii Saudyjskiej Szahada
0%
Jak miał nazywać się człowiek, który pomagał nieść krzyż Jezusowi? Szymon z Cyreny
0%
Które mauzoleum będące jedną z najpopularniejszych atrakcji turystycznych Indii znajduje się w Agrze? Tadż Mahal
0%
Jak nazywa się stolica Uzbekistanu? Taszkent
0%
Jak nazywa się stolica Gruzji? Tbilisi
0%
Jaki artysta namalował obraz "Tratwa meduzy"? Théodore Géricault
0%
Jak nazywa się stolica Japonii? Tokio
0%
Kto wcielił się w rolę Forresta Gumpa w filmie o tym samym tytule? Tom Hanks
0%
Jak nazywał się koń Zorro? Tornado
0%
Stolicą którego państwa jest Ankara? Turcji
0%
Jaki symbol ma pierwiastek chemiczny uran? U
0%
Który papież zwołał pierwszą wyprawę krzyżową? Urban II
0%
Proszę rozwinąć skrót: UOKiK Urząd Ochrony Konkurencji i Konsumentów
0%
Jak nazywała się ultrafaszystowska partia działająca w Chorwacji, na której czele stał Ante Pavelić? Współpracowali z nazistowskimi Niemcami. Ustasze
0%
W którym roku po raz pierwszy człowiek postawił stopę na szczycie najwyższego szczytu Himalajów (można się pomylić o 3 lata)? W 1953
0%
W którym roku amerykańscy astronauci po raz pierwszy postawili stopę na Księżycu? W 1969
0%
W którym mieście odbył się pierwszy amerykański festiwal Woodstock? W Bethel w stanie Nowy Jork
0%
W którym mieście miała miejsce tzw. "herbatka" albo "picie herbaty", które dało początek wojnie o niepodległość Stanów Zjednoczonych? W Bostonie
0%
Jackowo (właściwie Avondale) to polska dzielnica w którym amerykańskim mieście? W Chicago
0%
W której tatrzańskiej dolinie leży Morskie Oko? W Dolinie Rybiego Potoku
0%
Jak w sztuce nazywa się obraz przedstawiający miasto? Weduta
0%
Jak nazywa się stolica Nowej Zelandii? Wellington
0%
W którym londyńskim parku znajduje się Narożnik Mówców, w którym można wygłaszać dowolne poglądy (pod warunkiem nieobrażania monarchy)? W Hyde Park
0%
Jak w kościele katolickim nazywa się okres poprzedzający Święta Wielkiej Nocy? Wielki Post
0%
Kto jako pierwszy otrzymał Nagrodę Nobla z fizyki? Wilhelm Roentgen
0%
Jakie imię dzielili główny bohater książki "Rok 1984" i chyba najbardziej rozpoznawalny premier Wielkiej Brytanii w historii? Winston (Smith i Churchill)
0%
Teobromina to substancja trująca dla psów. W jakim popularnym ziarnie, stosowanym m.in. w cukiernictwie, występuje? W kakao
0%
W jakim mieście znajduje się obraz "Dama z łasiczką" Leonarda da Vinci? W Krakowie
0%
Czyj wizerunek widnieje na banknocie o nominale 100 złotych? Władysława Jagiełły
0%
Który polski król zjednoczył państwo po okresie rozbicia dzielnicowego? Władysław I Łokietek
0%
W tym kraju do władzy doszła Ellen Johnson-Sirleaf - pierwsza kobieta-prezydent państwa w Afryce? W Liberii
0%
Który pierwiastek chemiczny ma symbol H? Wodór
0%
W którym polskim parku narodowym znajduje się Maczuga Herkulesa? W Ojcowskim PN
0%
Jak rozwija się skrót WIN - polskiej cywilno-wojskowej organizacji konspiracyjnej założonej 2 września 1945 w Warszawie? Wolność i Niezawisłość
0%
Powiedzenia: gdzie z owsa nie zrobią ryżu? W Paryżu, i w Paryżu nie zrobią z owsa ryżu
0%
Gdzie znajduje się najcenniejszy egzemplarz Biblii Gutenberga w Polsce? W Pelplinie
0%
W jakim mieście urodził się Francuz Albert Barillé - twórca serii "Było sobie życie"? W Warszawie
0%
W którym mieście rezyduje współcześnie Wielki Mistrz Zakonu Krzyżackiego? W Wiedniu
0%
W ilu z wojen punickich między Rzymem a Kartaginą górą byli Kartagińczycy? W żadnej
0%
W którym wieku wynaleziono lampę naftową? XIX
0%
Jak nazywał się błazen, do którego czaszki przemawiał Hamlet w słynnej scenie? (Być albo nie być...) Yorick
0%
Ile złotych medali olimpijskich zdobył w swojej karierze Adam Małysz? Żadnego
0%
Nad jakim morzem leżą Czechy? Żadnym
0%
Proszę rozwinąć skrót: ZUS Zakład Ubezpieczeń Społecznych
0%
Którą afrykańską wyspę, a w zasadzie jej plaże, rozsławia utwór śpiewany przez Grzegorza Turnaua? Zanzibaru
0%
Z którego państwa pochodzą papież Franciszek? Z Argentyny
0%
Za co Albert Einstein otrzymał Nagrodę Nobla? Za wyjaśnienie działania efektu fotoelektrycznego
0%
Z jakiej rośliny uzyskuje się ksylitol? Z brzozy
0%
Z jakiego państwa pochodzą tajkonauci? Z Chin, to chiński odpowiednik amerykańskich astronautów i rosyjskich kosmonautów
0%
Z jakiego włoskiego miasta pochodził słynny lutnik Antonio Stradivari? Z Cremony
0%
Jak nazywał się pierwszy dowódca słynnego dywizjonu 303? Zdzisław Krasnodębski
0%
Czymi synami byli apostołowie Jan i Jakub? Zebedeusza
0%
Jaki przydomek nosiła pierwsza kobieta na stanowisku Wielkiej Brytanii, Margaret Thatcher Żelazna Dama (Iron Lady)
0%
Jak nazywała się miecz pana Podbipięty z "Ogniem i Mieczem"? Zerwikaptur
0%
Z czyjej ręki w dramacie Szekspira "Makbet" ginie Lady Makbet? Ze swojej
0%
Skąd pochodził Zawisza Czarny, średniowieczny rycerz, wzór cnót. Z Garbowa
0%
Jak rozwija się skrót ZOMO związany ze służbami porządkowymi PRL? Zmotoryzowane Odwody Milicji Obywatelskiej
0%
Z którego afrykańskiego kraju pochodził reprezentujący barwy Portugalii legendarny piłkarz Eusebio? Z Mozambiku
0%
Kim dla króla Artura była Ginewra? Żoną
0%
Jak nazywa się zabawa polegająca na staczaniu się ze zbocza we wnętrzu nadmuchiwanej kuli? Zorbing
0%
Z tego kraju pochodził domniemany wynalazca telefonu, któremu miało jednak zabraknąć pieniędzy na pełną procedurę patentową (podpowiedź: jego nazwisko pada w filmowej trylogii "Ojciec Chrzestny") Z Włoch, nazywał się Antonio Meucci
0%
Nie znaleziono quizów pasujących do podanych kryteriów
Rozkład punktacji
Procent ludzi z każdym wynikiem
Percentyl według liczby udzielonych odpowiedzi
Twoja historia wyników
Nie rozwiązałeś tego quizu od ostatniego zresetowania